|
|
|
|
| LEADER |
00000nam a2200000Ii 4500 |
| 001 |
DIGEPUJ0511 |
| 003 |
NyNyDIG |
| 006 |
m o d |
| 007 |
cr ||||||||||| |
| 008 |
260205s2025 ck a ob 000 0 spa d |
| 035 |
|
|
|a (OCoLC)1573182079
|
| 040 |
|
|
|a DGITA
|b eng
|e rda
|e pn
|c DGITA
|
| 020 |
|
|
|a 9786287618312
|q eBook
|
| 020 |
|
|
|a 9786287618329
|q pdf
|
| 043 |
|
|
|a cl-----
|a a------
|
| 050 |
1 |
4 |
|a HC125 ebook
|
| 245 |
0 |
0 |
|a América Latina y Asia :
|b desafíos y oportunidades en tiempos de postpandemia y transformaciones globales /
|c editores, Mauricio De Miranda Parrondo, María Cristina Barrón Soto, Oscar Malca Guaylupo.
|
| 264 |
|
1 |
|a Santiago de Cali :
|b Pontificia Universidad Javeriana Cali,
|c 2025.
|
| 300 |
|
|
|a 1 online resource :
|b illustrations.
|
| 336 |
|
|
|a text
|b txt
|2 rdacontent
|
| 337 |
|
|
|a computer
|b c
|2 rdamedia
|
| 338 |
|
|
|a online resource
|b cr
|2 rdacarrier
|
| 347 |
|
|
|a text file
|2 rdaft
|
| 347 |
|
|
|b PDF
|
| 504 |
|
|
|a Includes bibliographical references.
|
| 588 |
0 |
|
|a Online resource; title from PDF title page (Digitalia, viewed February 5, 2026)
|
| 651 |
|
0 |
|a Latin America
|x Foreign relations
|z Asia.
|
| 651 |
|
0 |
|a Asia
|x Foreign relations
|z Latin America.
|
| 651 |
|
0 |
|a Latin America
|x Economic integration.
|
| 650 |
|
0 |
|a International economic integration.
|
| 650 |
|
0 |
|a International cooperation.
|
| 700 |
1 |
|
|a Miranda Parrondo, Mauricio de,
|d 1958-
|e editor.
|
| 700 |
1 |
|
|a Barrón, Ma. Cristina
|q (María Cristina),
|e editor.
|
| 700 |
1 |
|
|a Malca Guaylupo, Oscar,
|e editor.
|
| 791 |
2 |
|
|a Digitalia (Firm),
|e distributor.
|
| 793 |
0 |
|
|g Digitalia eBook Collection:
|a Pontificia Universidad Javeriana
|
| 856 |
4 |
0 |
|3 Digitalia Hispánica
|u https://www.digitaliapublishing.com/a/183146/
|
| 910 |
|
|
|a Premium collection: 2026
|